文茜的百年驿站 (Record no. 64782)

000 -LEADER
fixed length control field 00495nam a22001937a 4500
003 - CONTROL NUMBER IDENTIFIER
control field MPLRDC
005 - DATE AND TIME OF LATEST TRANSACTION
control field 20220104192603.0
008 - FIXED-LENGTH DATA ELEMENTS--GENERAL INFORMATION
fixed length control field 210129b ||||| |||| 00| 0 eng d
020 ## - INTERNATIONAL STANDARD BOOK NUMBER
International Standard Book Number 978-957-639-538-3
082 ## - DEWEY DECIMAL CLASSIFICATION NUMBER
Classification number 855 CWQ-7
100 ## - MAIN ENTRY--PERSONAL NAME
Personal name 陈文茜
245 ## - TITLE STATEMENT
Title 文茜的百年驿站
Statement of responsibility, etc.
250 ## - EDITION STATEMENT
Edition statement 初版11刷
260 ## - PUBLICATION, DISTRIBUTION, ETC.
Place of publication, distribution, etc. 台湾
Name of publisher, distributor, etc. 尔雅出版社有限公司
Date of publication, distribution, etc. 2012
300 ## - PHYSICAL DESCRIPTION
Other physical details
490 ## - SERIES STATEMENT
Series statement 尔雅丛书: 540
650 ## - SUBJECT ADDED ENTRY--TOPICAL TERM
Topical term or geographic name entry element 散文;随笔、日记
942 ## - ADDED ENTRY ELEMENTS (KOHA)
Koha item type Book
-- 855 CWQ-7
Holdings
Withdrawn status Lost status Source of classification or shelving scheme Damaged status Not for loan Collection code Home library Current library Shelving location Date acquired Cost, normal purchase price Total Checkouts Total Renewals Full call number Barcode Date due Date last seen Date last checked out Price effective from Koha item type Public note
            Malaysian Public Library, Research and Development Centre Malaysian Public Library, Research and Development Centre   10/08/2013 52.90 2 1 855 CWQ-7 00058921 01/02/2026 22/12/2025 22/12/2025 18/03/2021 Book mplrdc

© 2022. Malaysian Public Library, Research and Development Centre. All Right ReservedE-mailmplrdc@help.edu.my 

Powered by Koha